000 00316nam a22001337a 4500
008 170714b xxu||||| |||| 00| 0 eng d
020 _a0165383175
041 _aeng
080 _a101
100 _a24
101 _aFIL
245 _aTHE TWENTIETH CENTURY WITTGENSTEIN AND SARTRE
_cJONES.W.T
942 _2udc
_cBK
999 _c20835
_d20835